000
00324nam a2200133Ia 4500
008
100328s9999 xx 000 0 und d
082
_b
737
100
_a
Waugh Evelyn
245
_a
Brideshade Rivisited
260
_b
Chapman And Hall
630
_a
Brideshade Rivisited
730
_a
Brideshade Rivisited
942
_c
BOOK
999
_c
497063
_d
497060